000 002710000a22000970004500
100 1 _aWagner, C. Pedro (Peter)
245 1 0 _aThe targets for strategy
300 _aVol. 2, Núm 2 (1985), Páginas 181-192
773 0 _tInternational Journal of Frontier Misions
942 _cANA
999 _c55106
_d55106